|
|
|
|
| LEADER |
00000nam0a2200000 4500 |
| 001 |
1525 |
| 005 |
20231101204206.0 |
| 035 |
|
|
|a (RuTPU)RU\TPU\book\1532
|
| 035 |
|
|
|a BOOK00001534
|
| 090 |
|
|
|a 1525
|
| 100 |
|
|
|a 20011209d1995 m y0rusy50 ca
|
| 101 |
0 |
|
|a rus
|
| 102 |
|
|
|a RU
|
| 105 |
|
|
|a y z 000za
|
| 200 |
1 |
|
|a Я из партии по имени "Россия"
|f Н. Н. Рыжков
|
| 210 |
|
|
|a Москва
|c Обозреватель
|d 1995
|
| 215 |
|
|
|a 440 с.
|c ил.
|
| 600 |
|
1 |
|a Рыжков
|b Н. И.
|c российский политический деятель
|f 1929-
|g Николай Иванович
|2 stltpush
|3 (RuTPU)RU\TPU\pers\15793
|9 5513
|
| 606 |
1 |
|
|a Политические отношения
|y Российская Федерация
|2 stltpush
|3 (RuTPU)RU\TPU\subj\68280
|9 83708
|
| 606 |
1 |
|
|a Государственные и политические деятели Российской Федерации
|x Внутренняя политика
|x Персоналии
|2 stltpush
|3 (RuTPU)RU\TPU\subj\68275
|
| 610 |
1 |
|
|a государство
|
| 610 |
1 |
|
|a политика
|
| 610 |
1 |
|
|a деятели
|
| 610 |
1 |
|
|a перестройка
|
| 610 |
1 |
|
|a СССР
|
| 610 |
1 |
|
|a Россия
|
| 610 |
1 |
|
|a экономика
|
| 686 |
|
|
|a Ф3(2)6
|v LBC/SL-A
|2 rubbk
|
| 686 |
|
|
|a Ф3(2)8
|v LBC/SL-A
|2 rubbk
|
| 700 |
|
1 |
|a Рыжков
|b Н. И.
|c российский политический деятель
|f 1929-
|g Николай Иванович
|2 stltpush
|3 (RuTPU)RU\TPU\pers\15793
|9 5513
|
| 801 |
|
0 |
|a RU
|b 63413507
|c 20011209
|g PSBO
|
| 801 |
|
2 |
|a RU
|b 63413507
|c 20140203
|g PSBO
|
| 942 |
|
|
|c BK
|